[Event "Ulan-Ude Baikal op 13th"]
[Site "Ulan-Ude"]
[Date "2017.07.18"]
[Round "1"]
[White "Pavlov, Anatoly F"]
[Black "Chimidtsyrenov, Bator"]
[Result "0-1"]
[WhiteElo "2016"]
[BlackElo "1574"]
[PlyCount "40"]
[EventDate "2017.07.18"]
[EventType "swiss"]
[EventRounds "9"]
[EventCountry "RUS"]
[SourceTitle "EXT 2018"]
[Source "ChessBase"]
[SourceDate "2017.10.13"]
[SourceVersion "1"]
[SourceVersionDate "2017.10.13"]
[SourceQuality "1"]

1. d4 d5 2. c4 dxc4 3. Nf3 Nf6 4. g3 c6 5. Bg2 b5 6. 0-0 Bb7 7. a4 a6 8. b3 cxb3 9. Qxb3 e6 10. Rd1 Qb6 11. Ne5 Be7 12. Na3 Nbd7 13. e4 Nxe5 14. dxe5 Ng4 15. Qb2 Nxf2 16. Nc4 Nxd1+ 17. Nxb6 Nxb2 18. Nxa8 Nxa4 19. Nc7+ Kd7 20. Nxa6 Bxa6 0-1